| 000 | 00442nam a2200169 a 4500 | ||
|---|---|---|---|
| 001 | 1750 | ||
| 003 | CDMR | ||
| 005 | 20131010120047.0 | ||
| 008 | 130130s2003||||||||||||||||||||||||||||d | ||
| 020 | _a8486062918 | ||
| 040 |
_aCDMR _bcat _cCDMR |
||
| 100 | 1 |
_aViñas Rexach, Francesc _91312 |
|
| 245 | 1 | 0 |
_aJoan Viñas Bona _b: el goig de viure _cFrancesc Viñas Rexach |
| 260 |
_aBarcelona _c2003 _bEdimurtra |
||
| 300 | _a451 p. | ||
| 942 |
_cMON _2udc |
||
| 999 |
_c1750 _d1750 |
||